000 00994naa a22003017u 4500
001 03709
003 HDC
007 cr bn ---aaaaa
008 210112t2005 flu 000 0 eng
040 _aHDC
245 0 _aClimate Change and Global Food Security /
_cedited by R. Lal ... [et al.].
260 _aBoca Raton, FL :
_bTaylor & Francis,
_c2005
300 _a24 pages
336 _atext
_2rdacontent
337 _acomputer
_2rdamedia
338 _aonline resource
_2rdacarrier
500 _aOriginal from book
650 _aClimatic changes
_93403
650 _aCrop yields
_93405
650 _aCrops and climate
_93404
650 _aFood security
_xClimatic factors
_93406
650 _aFood supply
_93374
700 _aLal, R.,
_eeditor
_93407
856 _zRequest full-text at [email protected]
942 _2lcc
942 _cCHAP
942 _kEBCH 002547
999 _c1045
_d1045